Liczby 1-10 po portugalsku - Statystyki

Ogólne statystyki
  • Ten quiz został rozwiązany 6 razy
  • Średni wynik to 7 z 10
Statystyki odpowiedzi
Polski Portugalski % Poprawnych
Trzy Três
100%
Sześć Seis
83%
Pięć Cinco
67%
Dwa Dois
67%
Cztery Quatro
67%
Siedem Sete
67%
Jeden Um
67%
Dziesięć Dez
50%
Dziewięć Nove
50%
Osiem Oito
50%
Nie znaleziono quizów pasujących do podanych kryteriów
Rozkład punktacji
Procent ludzi z każdym wynikiem
Percentyl według liczby udzielonych odpowiedzi
Twoja historia wyników
Nie rozwiązałeś tego quizu